[Event "C.to Regionale Veneto"]
[Site "Arqua' Petrarca ITA"]
[Date "2001.05.12"]
[Round "4"]
[White "Pesco, Giuseppe"]
[Black "Spinoso, Giovanni"]
[Result "1-0"]
[WhiteElo "1959"]
[BlackElo "1452"]
[PlyCount "83"]
[EventDate "2001.05.05"]

1.Nf3 Nf6 2.c4 g6 3.Nc3 Bg7 4.g3 O-O 5.Bg2 d6 6.d4 Nbd7 7.O-O e5 8.e4 exd4
9.Nxd4 Ne5 10.b3 Bd7 11.h3 Qc8 12.Kh2 Re8 13.Bb2 Nc6 14.Nxc6 Bxc6 15.f3 a6
16.a4 Rb8 17.Rb1 Nd7 18.Nd5 Bxd5 19.cxd5 b5 20.Bxg7 Kxg7 21.axb5 Rxb5 22.
Qd4+ f6 23.Rfc1 Qb7 24.Qc3 Rc5 25.Qd2 Rxc1 26.Qxc1 Nc5 27.Qc3 Rc8 28.g4 h6
29.f4 Nd7 30.Rc1 Kf7 31.b4 Qb6 32.Rc2 Qa7 33.Bf1 h5 34.gxh5 gxh5 35.Qf3 
Rg8 36.Bg2 Rh8 37.h4 a5 38.bxa5 Qxa5 39.Qh3 Ke7 40.Qe6+ Kd8 41.Bh3 Rh7 42.
Qg8+ 1-0

[Event "C.to Regionale Veneto"]
[Site "Arqua' Petrarca ITA"]
[Date "2001.05.12"]
[Round "4"]
[White "Quaranta, Gaetano"]
[Black "Meggiorin, Orlando"]
[Result "1-0"]
[WhiteElo "1621"]
[BlackElo "1600"]
[PlyCount "73"]
[EventDate "2001.05.05"]

1.e4 e6 2.d4 d5 3.e5 c5 4.c3 Nc6 5.Nf3 Qb6 6.Bd3 cxd4 7.cxd4 Nxd4 8.Nxd4 
Bc5 9.Be3 Bd7 10.Nc2 Bxe3 11.Nxe3 Qxb2 12.Nd2 Qxe5 13.O-O Nf6 14.Nf3 Qd6 
15.Re1 O-O 16.Nc4 Qb8 17.Nce5 h6 18.Nxd7 Nxd7 19.Rc1 Nf6 20.Bb1 b5 21.Ne5 
Qd6 22.Rc6 Qe7 23.Qc2 Qb4 24.Rf1 Ne4 25.Nd3 Qd4 26.Nc5 Nf6 27.Nd7 Rfd8 28.
Nxf6+ Qxf6 29.Qh7+ Kf8 30.Rc7 g6 31.Qxh6+ Qg7 32.Qf4 d4 33.Bd3 a6 34.Re1 
Kg8 35.Rxe6 Qf8 36.Ree7 f5 37.Qg5 1-0

[Event "C.to Regionale Veneto"]
[Site "Arqua' Petrarca ITA"]
[Date "2001.05.12"]
[Round "4"]
[White "Radulescu, Gheorghe"]
[Black "Rossato, Armando"]
[Result "0-1"]
[WhiteElo "1917"]
[BlackElo "2203"]
[PlyCount "42"]
[EventDate "2001.05.05"]

1.d4 d5 2.c4 Nc6 3.cxd5 Qxd5 4.e3 e5 5.Nc3 Bb4 6.Bd2 Bxc3 7.Bxc3 exd4 8.
Ne2 Bg4 9.Bxd4 Bxe2 10.Qxe2 Nxd4 11.exd4+ Ne7 12.O-O-O Qxa2 13.Qb5+ c6 14.
Qxb7 O-O 15.Qxe7 c5 16.dxc5 Rab8 17.Qe5 Rfc8 18.Rd2 Re8 19.Qd4 Re1+ 20.Rd1
Qa1+ 21.Kc2 Rxd1 0-1

[Event "C.to Regionale Veneto"]
[Site "Arqua' Petrarca ITA"]
[Date "2001.05.12"]
[Round "4"]
[White "Rigo, Gianfrancesco"]
[Black "Quaranta, Cristiano"]
[Result "1-0"]
[WhiteElo "1870"]
[BlackElo "1504"]
[PlyCount "43"]
[EventDate "2001.05.05"]

1.Nf3 Nf6 2.g3 b6 3.Bg2 Bb7 4.O-O c5 5.d3 d5 6.Nbd2 e6 7.Re1 Bd6 8.e4 dxe4
9.dxe4 Bc7 10.Qe2 e5 11.Nh4 O-O 12.c3 Ba6 13.Nc4 b5 14.Rd1 Qe7 15.Nf5 Qe6 
16.Nce3 b4 17.Qf3 bxc3 18.bxc3 c4 19.Nd5 Ba5 20.Nde7+ Kh8 21.Rd6 Qxd6 22.
Nxd6 1-0

[Event "C.to Regionale Veneto"]
[Site "Arqua' Petrarca ITA"]
[Date "2001.05.12"]
[Round "4"]
[White "Sanavio, Giancarlo"]
[Black "Piva, Giorgio"]
[Result "0-1"]
[WhiteElo "1570"]
[BlackElo "2142"]
[PlyCount "58"]
[EventDate "2001.05.05"]

1.Nf3 d5 2.b3 Nf6 3.Bb2 Nbd7 4.g3 b6 5.Bg2 Bb7 6.O-O e6 7.c4 c6 8.d4 Be7 
9.Nbd2 O-O 10.Qc2 Rc8 11.Rac1 c5 12.cxd5 cxd4 13.Qb1 Rxc1 14.Rxc1 e5 15.
Nc4 Qb8 16.Qf5 g6 17.Qh3 Bxd5 18.Ng5 Bxg2 19.Qxg2 Rc8 20.Rd1 b5 21.Nd2 Rc2
22.Ba1 Qc7 23.f4 Rxd2 24.Rf1 Qc5 25.Nf3 d3+ 26.Bd4 Rxe2 27.Bxc5 Bxc5+ 28.
Kh1 Rxg2 29.Kxg2 e4 0-1

[Event "C.to Regionale Veneto"]
[Site "Arqua' Petrarca ITA"]
[Date "2001.05.12"]
[Round "4"]
[White "Solinas, Carlo"]
[Black "Sgaravatti, Francesco"]
[Result "1-0"]
[WhiteElo "2045"]
[BlackElo "2066"]
[PlyCount "73"]
[EventDate "2001.05.05"]

1.e4 e6 2.d4 d5 3.Nc3 Bb4 4.e5 c5 5.a3 Ba5 6.b4 cxd4 7.Qg4 Ne7 8.Qxg7 Rg8 
9.Qxh7 dxc3 10.bxa5 Nbc6 11.Nf3 Qc7 12.Bf4 Bd7 13.a6 O-O-O 14.axb7+ Kb8 
15.Bd3 Rh8 16.Qg7 d4 17.Qg3 Rdg8 18.Bg5 Nd5 19.O-O Be8 20.Rfe1 Qa5 21.h4 
Qc5 22.Qg4 Kxb7 23.Rab1+ Ka8 24.Rb5 Qf8 25.Rxd5 f5 26.exf6 exd5 27.Qc8+ 
Nb8 28.Rb1 Bb5 29.Qxf8 Rxf8 30.Rxb5 Nc6 31.Rc5 Kb7 32.Rxc6 Kxc6 33.Ne5+ 
Kb6 34.Ng6 Ka5 35.Nxh8 Rxh8 36.f7 Ka4 37.Be7 1-0

[Event "C.to Regionale Veneto"]
[Site "Arqua' Petrarca ITA"]
[Date "2001.05.12"]
[Round "4"]
[White "Zotti, Enrico"]
[Black "Dal Zovo, Claudio"]
[Result "0-1"]
[WhiteElo "2082"]
[BlackElo "1768"]
[PlyCount "68"]
[EventDate "2001.05.05"]

1.e4 e6 2.d4 d5 3.Nd2 Nf6 4.e5 Nfd7 5.Bd3 c5 6.c3 Nc6 7.Ne2 a5 8.O-O cxd4 
9.cxd4 Nb4 10.Bb1 Nb6 11.Nf3 Bd7 12.Nc3 a4 13.a3 Nc6 14.Bc2 Be7 15.b3 axb3
16.Bxb3 Na5 17.Bc2 Rc8 18.Qd3 Qc7 19.Bd2 Nbc4 20.Nxd5 exd5 21.Bxa5 Nxa5 
22.Rac1 Nc4 23.Bb1 Bxa3 24.Rxc4 Qxc4 25.Qxa3 Be6 26.Bd3 Qc7 27.Bb5+ Bd7 
28.Bxd7+ Qxd7 29.e6 fxe6 30.Ne5 Qc7 31.Qa4+ Kd8 32.g4 Rf8 33.Kg2 Rf4 34.h3
Qxe5 0-1

[Event "C.to Regionale Veneto"]
[Site "Arqua' Petrarca ITA"]
[Date "2001.05.13"]
[Round "5"]
[White "Ballarin, Gabriele"]
[Black "Giuriato, Sergio"]
[Result "1/2-1/2"]
[WhiteElo "1570"]
[BlackElo "1767"]
[PlyCount "83"]
[EventDate "2001.05.05"]

1.e4 Nc6 2.d4 d5 3.Nc3 dxe4 4.d5 Nb8 5.Qd4 e6 6.Qxe4 Nf6 7.Qa4+ c6 8.dxc6 
Nxc6 9.Be3 Be7 10.Rd1 Bd7 11.Nb5 O-O 12.Qb3 Nd5 13.Nf3 a6 14.Nbd4 Nxe3 15.
fxe3 Qc7 16.c3 Rfd8 17.Bd3 Rac8 18.O-O b5 19.Be4 Ne5 20.Qc2 Ng6 21.Qf2 b4 
22.cxb4 f5 23.Bd3 Bxb4 24.a3 Bc5 25.Bxa6 Ra8 26.Bd3 f4 27.Bxg6 hxg6 28.Ng5
e5 29.b4 Bb6 30.Qa2+ Kh8 31.Nde6 fxe3 32.Nxc7 Bg4 33.Rxd8+ Rxd8 34.Kh1 e2 
35.Re1 Rd1 36.Qb1 Bf2 37.Qxd1 exd1=Q 38.Rxd1 Bxd1 39.Ne4 Bd4 40.Ne6 Bb2 
41.N4c5 Bxa3 42.b5 1/2-1/2

[Event "C.to Regionale Veneto"]
[Site "Arqua' Petrarca ITA"]
[Date "2001.05.13"]
[Round "5"]
[White "Bracaglia, Carlo"]
[Black "Luciani, Valerio"]
[Result "0-1"]
[WhiteElo "2126"]
[BlackElo "2130"]
[PlyCount "148"]
[EventDate "2001.05.05"]

1.e4 e6 2.d4 d5 3.e5 c5 4.c3 Nc6 5.Nf3 Bd7 6.a3 Nge7 7.Bd3 Ng6 8.O-O Be7 
9.b4 cxd4 10.cxd4 O-O 11.Re1 Nh8 12.Bb2 f6 13.Nbd2 Nf7 14.b5 Na5 15.exf6 
Bxf6 16.Ne5 Nxe5 17.dxe5 Bg5 18.Nf3 Bh6 19.Bc1 Bxc1 20.Rxc1 Rc8 21.Rxc8 
Qxc8 22.Qb1 h6 23.Qb4 b6 24.Qg4 Qc3 25.Rd1 Qb3 26.Nd4 Rf4 27.Nxb3 Rxg4 28.
Nxa5 bxa5 29.Rc1 Rd4 30.Bf1 Kf8 31.Rc7 Ke7 32.Rxa7 Ra4 33.f3 Rxa3 34.Kf2 
a4 35.Be2 Ra2 36.Ke1 Rb2 37.Bd3 a3 38.Rxa3 Bxb5 39.Bxb5 Rxb5 40.Ra7+ Kf8 
41.Kf2 Rb2+ 42.Kg3 Re2 43.f4 g5 44.Kf3 Re1 45.g3 gxf4 46.gxf4 Rf1+ 47.Kg4 
Rg1+ 48.Kh5 Rf1 49.Kxh6 Rxf4 50.Kg6 d4 51.h3 Ke8 52.Ra4 Kd7 53.Kg5 Re4 54.
h4 Rxe5+ 55.Kf4 Rd5 56.Ra2 Ke7 57.Ke4 Kf6 58.Rd2 Rh5 59.Kxd4 Rxh4+ 60.Ke3 
Ke5 61.Rd8 Rh3+ 62.Kf2 Ke4 63.Kg2 Ra3 64.Rd2 Ke3 65.Rb2 e5 66.Kf1 e4 67.
Re2+ Kd3 68.Kf2 Ra1 69.Re3+ Kd4 70.Re2 Rd1 71.Re3 Rf1+ 72.Kxf1 Kxe3 73.Ke1
Kd3 74.Kd1 e3 0-1

[Event "C.to Regionale Veneto"]
[Site "Arqua' Petrarca ITA"]
[Date "2001.05.13"]
[Round "5"]
[White "Dal Zovo, Claudio"]
[Black "Rigo, Gianfrancesco"]
[Result "1/2-1/2"]
[WhiteElo "1768"]
[BlackElo "1870"]
[PlyCount "57"]
[EventDate "2001.05.05"]

1.d4 e6 2.Nf3 Nf6 3.Nbd2 d5 4.e3 c5 5.b3 cxd4 6.exd4 Bb4 7.Bb2 Nc6 8.a3 
Bd6 9.Bd3 b6 10.O-O O-O 11.Ne5 Ne7 12.Qe2 Bb7 13.f4 Rc8 14.Rf3 Rc7 15.Rh3 
Ng6 16.Rf1 Re8 17.g4 Qc8 18.c3 Qa8 19.Re3 Rce7 20.g5 Nd7 21.Rh3 Ndf8 22.
Qg4 a5 23.Ndf3 Ba6 24.c4 dxc4 25.bxc4 Bb7 26.Nxg6 fxg6 27.Ne5 Be4 28.Bxe4 
Qxe4 29.Qf3 1/2-1/2

[Event "C.to Regionale Veneto"]
[Site "Arqua' Petrarca ITA"]
[Date "2001.05.13"]
[Round "5"]
[White "Navarro, Stefano"]
[Black "Sanavio, Giancarlo"]
[Result "1-0"]
[WhiteElo "1900"]
[BlackElo "1570"]
[PlyCount "83"]
[EventDate "2001.05.05"]

1.e4 Nf6 2.e5 Nd5 3.c4 Nb6 4.c5 Nd5 5.Nc3 Nxc3 6.dxc3 d6 7.Bc4 e6 8.cxd6 
cxd6 9.Qe2 d5 10.Bd3 Nc6 11.Nf3 Be7 12.O-O O-O 13.Nd4 Nxd4 14.cxd4 f5 15.
f4 Rf7 16.Be3 Bd7 17.Bb5 Bf8 18.Rfc1 Rc8 19.Rc3 Rxc3 20.bxc3 Qa5 21.Bxd7 
Rxd7 22.c4 Rc7 23.c5 b6 24.cxb6 axb6 25.Rb1 Rc4 26.Bf2 b5 27.h3 Qc3 28.Be3
b4 29.Rb3 Qc2 30.Rb2 Qa4 31.Kf1 Rc3 32.Kg1 Be7 33.Kh2 Bd8 34.Bf2 Rc4 35.
Rd2 Bb6 36.Kg1 Qa7 37.Qd1 Rc3 38.Kh2 Qc7 39.Qe2 Qc4 40.Qd1 g6 41.Qa4 Qc6 
42.Qxc6 1-0

[Event "C.to Regionale Veneto"]
[Site "Arqua' Petrarca ITA"]
[Date "2001.05.13"]
[Round "5"]
[White "Opacic, Alexandar"]
[Black "Vianello, Enrico"]
[Result "1/2-1/2"]
[WhiteElo "1921"]
[BlackElo "1858"]
[PlyCount "103"]
[EventDate "2001.05.05"]

1.e4 c5 2.Nf3 Nc6 3.d4 cxd4 4.Nxd4 Nf6 5.Nc3 e5 6.Ndb5 d6 7.Bg5 a6 8.Na3 
b5 9.Nd5 Be7 10.Bxf6 Bxf6 11.c3 Ne7 12.Nxf6+ gxf6 13.Nc2 f5 14.Bd3 Bb7 15.
Qe2 d5 16.f3 dxe4 17.fxe4 f4 18.O-O-O Qb6 19.Kb1 O-O-O 20.Ne1 Rhg8 21.Nf3 
f6 22.Bc2 Rxd1+ 23.Rxd1 Rd8 24.Rxd8+ Qxd8 25.a4 Bc6 26.g3 fxg3 27.hxg3 Qg8
28.axb5 axb5 29.Qf2 Qg4 30.Nd2 Qg5 31.Ka2 Bd7 32.Bb3 Nc6 33.Bd5 Kc7 34.Nb3
f5 35.Qc5 fxe4 36.Bxe4 Qxg3 37.Na5 Qg8+ 38.Bd5 Qa8 39.b4 Qa7 40.Qxa7+ Nxa7
41.c4 Nc6 42.Be4 Nxa5 43.bxa5 bxc4 44.Bxh7 Bc6 45.Kb2 Kd6 46.Kc3 Kc5 47.a6
Bd5 48.Bb1 e4 49.Ba2 e3 50.Bxc4 Bxc4 51.a7 e2 52.Kd2 1/2-1/2

[Event "C.to Regionale Veneto"]
[Site "Arqua' Petrarca ITA"]
[Date "2001.05.13"]
[Round "5"]
[White "Pechy, Alaster"]
[Black "Guclu, Yaman"]
[Result "1-0"]
[WhiteElo "1615"]
[BlackElo "1900"]
[PlyCount "73"]
[EventDate "2001.05.05"]

1.d4 Nf6 2.c4 c5 3.d5 b5 4.cxb5 a6 5.bxa6 Bxa6 6.Nc3 d6 7.g3 g6 8.Bg2 Bg7 
9.Nf3 Nbd7 10.O-O O-O 11.Re1 Qb6 12.h3 Rfb8 13.e4 Ne8 14.Qc2 Ra7 15.Rb1 
Rab7 16.Bf4 Qc7 17.h4 c4 18.Be3 Nc5 19.Bxc5 Qxc5 20.h5 Nf6 21.hxg6 hxg6 
22.e5 Ng4 23.e6 f5 24.Na4 Qa5 25.Nh4 Bd4 26.Rf1 Kg7 27.Nxf5+ gxf5 28.Qxf5 
Bxf2+ 29.Rxf2 Nxf2 30.Qf7+ Kh8 31.Qxf2 Qxa4 32.Qd4+ Kg8 33.Qg4+ Kh8 34.
Qh5+ Kg7 35.Qg5+ Kh8 36.Qh6+ Kg8 37.Qg6+ 1-0

[Event "C.to Regionale Veneto"]
[Site "Arqua' Petrarca ITA"]
[Date "2001.05.13"]
[Round "5"]
[White "Piva, Giorgio"]
[Black "Solinas, Carlo"]
[Result "0-1"]
[WhiteElo "2142"]
[BlackElo "2045"]
[PlyCount "86"]
[EventDate "2001.05.05"]

1.d4 Nf6 2.Bg5 e6 3.e3 c5 4.Nd2 cxd4 5.exd4 Qa5 6.Bxf6 gxf6 7.Bd3 Nc6 8.c3
d5 9.Qh5 Bd7 10.Ne2 Qc7 11.f4 Bd6 12.O-O O-O-O 13.Rac1 Kb8 14.Kh1 Be8 15.
b4 f5 16.Nb3 f6 17.Qh4 Qf7 18.b5 Ne7 19.a4 h5 20.a5 Ng6 21.Qf2 h4 22.Nc5 
Ne7 23.Qe3 Bd7 24.a6 Bc8 25.axb7 Bxb7 26.Rc2 Rdg8 27.Qxe6 Qxe6 28.Nxe6 Bc8
29.Nc5 Rg4 30.h3 Rg7 31.Ra2 Rhg8 32.Rfa1 Ng6 33.b6 Bxc5 34.dxc5 axb6 35.
Ra8+ Kc7 36.R8a7+ Kc6 37.cxb6 Kxb6 38.Ra8 Ne7 39.Rb1+ Kc7 40.Ra7+ Kd8 41.
Rg1 Nc6 42.Rxg7 Rxg7 43.Rb1 Re7 0-1

[Event "C.to Regionale Veneto"]
[Site "Arqua' Petrarca ITA"]
[Date "2001.05.13"]
[Round "5"]
[White "Rossato, Armando"]
[Black "Cacco, Christian"]
[Result "0-1"]
[WhiteElo "2203"]
[BlackElo "2257"]
[PlyCount "90"]
[EventDate "2001.05.05"]

1.d4 c5 2.c3 Nf6 3.Nf3 d5 4.e3 Nc6 5.Bd3 Bg4 6.h3 Bh5 7.Qa4 Bxf3 8.gxf3 e6
9.Nd2 a6 10.Rg1 b5 11.Qd1 e5 12.dxc5 Qd7 13.b4 d4 14.cxd4 Nxb4 15.Ne4 exd4
16.Ba3 Nfd5 17.exd4 Nc6 18.Bb2 f5 19.Ng3 g6 20.Qe2+ Qe7 21.O-O-O Bh6+ 22.
Kb1 Qxe2 23.Nxe2 Kf7 24.Bc2 Rhd8 25.Bb3 b4 26.Nc1 Bxc1 27.Kxc1 Na5 28.Ba4 
Rac8 29.Rge1 Nb6 30.Bc2 Nbc4 31.Re2 Rc7 32.Kb1 Rcd7 33.c6 Nxc6 34.Ba4 Nxb2
35.Kxb2 Rxd4 36.Rde1 Na5 37.Re7+ Kf6 38.R1e6+ Kg5 39.Rxa6 Nc4+ 40.Kc1 Rd2 
41.Rxh7 Ne5 42.f4+ Kxf4 43.Rh4+ Kg5 44.Rxb4 Nd3+ 45.Kxd2 Nxb4+ 0-1

[Event "C.to Regionale Veneto"]
[Site "Arqua' Petrarca ITA"]
[Date "2001.05.13"]
[Round "5"]
[White "Sgaravatti, Francesco"]
[Black "Pesco, Giuseppe"]
[Result "1-0"]
[WhiteElo "2066"]
[BlackElo "1959"]
[PlyCount "137"]
[EventDate "2001.05.05"]

1.e4 d6 2.d4 Nf6 3.Nd2 g6 4.Ngf3 Bg7 5.Bd3 Nc6 6.O-O e5 7.d5 Ne7 8.Re1 O-O
9.c4 Ne8 10.b4 a5 11.bxa5 Rxa5 12.Nb3 Ra8 13.a4 f5 14.a5 Nf6 15.Nfd2 f4 
16.c5 g5 17.cxd6 cxd6 18.Nc4 g4 19.Ba3 Ne8 20.Nb6 Rb8 21.Nd2 Rf6 22.Nxc8 
Qxc8 23.Rc1 Qd7 24.Qb3 Ng6 25.Bb5 Qe7 26.Bxe8 Rxe8 27.Qb6 Nh4 28.Rc7 Qf8 
29.Qxb7 Rh6 30.Rec1 Qf6 31.Rc8 Rf8 32.Rxf8+ Bxf8 33.Qd7 Qg5 34.Nf1 Nf3+ 
35.Kh1 Nxh2 36.Nxh2 Qh4 37.Kg1 Qxh2+ 38.Kf1 f3 39.Qxg4+ Rg6 40.Qxf3 Qh4 
41.Ke2 Qd8 42.Bb4 Qb8 43.Bd2 Qb5+ 44.Qd3 Qe8 45.Kf1 Rf6 46.a6 Rf7 47.Be3 
Qa4 48.a7 Rxa7 49.Bxa7 Qxa7 50.Qg3+ Qg7 51.Qh3 Qg6 52.f3 Qh6 53.Qg4+ Qg6 
54.Qxg6+ hxg6 55.Kf2 Kf7 56.Kg3 Be7 57.Kg4 g5 58.Rc7 Kf6 59.Rxe7 Kxe7 60.
Kxg5 Kf7 61.g3 Kg7 62.f4 exf4 63.gxf4 Kf7 64.e5 dxe5 65.fxe5 Ke7 66.Kg6 
Kd7 67.Kf7 Kc7 68.e6 Kd6 69.e7 1-0

[Event "C.to Regionale Veneto"]
[Site "Arqua' Petrarca ITA"]
[Date "2001.05.13"]
[Round "5"]
[White "Ventura, Sergio"]
[Black "Quaranta, Gaetano"]
[Result "1-0"]
[WhiteElo "2192"]
[BlackElo "1621"]
[PlyCount "45"]
[EventDate "2001.05.05"]

1.f4 Nc6 2.Nf3 d6 3.d4 Bg4 4.e3 e5 5.d5 Bxf3 6.Qxf3 Nb4 7.Bb5+ c6 8.dxc6 
bxc6 9.Bxc6+ Ke7 10.Bxa8 Nxc2+ 11.Kd1 Nxa1 12.Bd2 Nf6 13.fxe5 dxe5 14.Kc1 
Qc7+ 15.Nc3 Qc4 16.Qf5 Ng4 17.Bd5 Qb4 18.e4 Nh6 19.Qxe5+ Kd7 20.Bxh6 Bd6 
21.Qf5+ Kd8 22.Bc6 Kc7 23.Nd5+ 1-0

[Event "C.to Regionale Veneto"]
[Site "Arqua' Petrarca ITA"]
[Date "2001.05.13"]
[Round "6"]
[White "Bracaglia, Carlo"]
[Black "Rossato, Armando"]
[Result "0-1"]
[WhiteElo "2126"]
[BlackElo "2203"]
[PlyCount "134"]
[EventDate "2001.05.05"]

1.e4 e5 2.Nf3 d5 3.Nxe5 dxe4 4.d4 Bd6 5.Nc4 Nf6 6.Be2 Nc6 7.Be3 O-O 8.Nxd6
Qxd6 9.O-O Nd5 10.Na3 f5 11.c4 Nxe3 12.fxe3 Qh6 13.Qd2 a6 14.Nc2 Bd7 15.
Rad1 Rae8 16.g3 Rf6 17.Rf2 Ne7 18.Rdf1 g5 19.d5 Ng6 20.Qd4 Ref8 21.c5 f4 
22.exf4 gxf4 23.Bc4 Bb5 24.Bxb5 axb5 25.Qxe4 fxg3 26.hxg3 Rxf2 27.Rxf2 
Rxf2 28.Kxf2 Qf8+ 29.Kg2 Qxc5 30.Qe6+ Kg7 31.Ne3 Ne7 32.Qe5+ Kf7 33.Kh3 
Qc1 34.Kg4 Qd2 35.Kf3 b4 36.Qh5+ Kf8 37.Qh6+ Ke8 38.Qh5+ Kd8 39.Qe5 Qd3 
40.b3 b6 41.Qe4 Qd2 42.Qxh7 Qxa2 43.Qd3 Qa1 44.Kg2 Qc3 45.Qe4 Qxb3 46.g4 
Qb2+ 47.Kg3 b3 48.g5 Qg7 49.Kg4 b2 50.Nc4 b5 51.Nd2 Qc3 52.Nb1 Qc5 53.g6 
Qg1+ 54.Kh5 Qh2+ 55.Kg5 Ng8 56.Kf5 Qh3+ 57.Ke5 Qh8+ 58.Kf5 Ne7+ 59.Kg5 Qg7
60.Qe6 Qd4 61.d6 cxd6 62.Kh6 Qe5 63.Qxe5 dxe5 64.g7 e4 65.Kh7 b4 66.g8=Q+ 
Nxg8 67.Kxg8 e3 0-1

[Event "C.to Regionale Veneto"]
[Site "Arqua' Petrarca ITA"]
[Date "2001.05.13"]
[Round "6"]
[White "Cacco, Christian"]
[Black "Luciani, Valerio"]
[Result "1/2-1/2"]
[WhiteElo "2257"]
[BlackElo "2130"]
[PlyCount "39"]
[EventDate "2001.05.05"]

1.d4 f5 2.g3 Nf6 3.Bg2 g6 4.Nd2 Bg7 5.b3 d6 6.Bb2 Nc6 7.Ngf3 O-O 8.O-O Qe8
9.Nc4 Bd7 10.a4 h6 11.e3 e6 12.Qe1 Qf7 13.Nfd2 Rae8 14.f4 Nb4 15.Rc1 Bc6 
16.Nf3 Bxf3 17.Bxf3 Nbd5 18.Na3 c6 19.c4 Ne7 20.b4 1/2-1/2

[Event "C.to Regionale Veneto"]
[Site "Arqua' Petrarca ITA"]
[Date "2001.05.13"]
[Round "6"]
[White "Giuriato, Sergio"]
[Black "Pechy, Alaster"]
[Result "1/2-1/2"]
[WhiteElo "1767"]
[BlackElo "1615"]
[PlyCount "86"]
[EventDate "2001.05.05"]

1.d4 Nf6 2.c4 g6 3.Nf3 Bg7 4.g3 O-O 5.Bg2 d5 6.O-O c6 7.cxd5 cxd5 8.Ne5 
Nbd7 9.f4 e6 10.Nc3 a6 11.Be3 Nxe5 12.dxe5 Ng4 13.Bd4 h5 14.e4 dxe4 15.
Nxe4 Bd7 16.h3 Nh6 17.Bc5 Bb5 18.Re1 Qxd1 19.Raxd1 Rfc8 20.b4 Nf5 21.g4 
hxg4 22.hxg4 Nh4 23.Bh1 Bc6 24.Be7 g5 25.Bxg5 Ng6 26.Rd2 Bxe4 27.Bxe4 Rab8
28.Red1 Rc4 29.Rd4 Rxd4 30.Rxd4 Bf8 31.Kf2 a5 32.a3 b5 33.Kf3 axb4 34.axb4
Rc8 35.Bd3 Rc3 36.Ke4 Rb3 37.f5 Ne7 38.Bxb5 Nd5 39.fxe6 Nc3+ 40.Kf4 Nxb5 
41.Rd8 Rxb4+ 42.Kg3 Rb3+ 43.Kh4 fxe6 1/2-1/2

[Event "C.to Regionale Veneto"]
[Site "Arqua' Petrarca ITA"]
[Date "2001.05.13"]
[Round "6"]
[White "Guclu, Yaman"]
[Black "Quaranta, Gaetano"]
[Result "1-0"]
[WhiteElo "1900"]
[BlackElo "1621"]
[PlyCount "85"]
[EventDate "2001.05.05"]

1.e4 e5 2.Nf3 Nc6 3.Bc4 Nf6 4.d3 h6 5.O-O d6 6.c3 Na5 7.Bb5+ Nc6 8.Re1 Be7
9.d4 Bd7 10.Nbd2 a6 11.Bd3 O-O 12.h3 Re8 13.Nf1 Bf8 14.Ng3 b5 15.Bd2 Rb8 
16.Qe2 Bc8 17.Rad1 Bb7 18.Bc1 exd4 19.cxd4 Ne7 20.Bb1 Ng6 21.e5 d5 22.Qd2 
Nd7 23.Qd3 Bb4 24.Re2 c5 25.e6 Ndf8 26.exf7+ Kxf7 27.Rxe8 Qxe8 28.a3 Ba5 
29.dxc5 Kg8 30.b4 Bc7 31.Ba2 Rd8 32.Re1 Qc6 33.Nd4 Qd7 34.Ngf5 Kh8 35.h4 
Ne5 36.Qc3 Re8 37.Kf1 Nh7 38.Bf4 Nf6 39.Bxe5 Rxe5 40.Rxe5 Bxe5 41.c6 Qxf5 
42.cxb7 Kh7 43.Nxf5 1-0

[Event "C.to Regionale Veneto"]
[Site "Arqua' Petrarca ITA"]
[Date "2001.05.13"]
[Round "6"]
[White "Pesco, Giuseppe"]
[Black "Quaranta, Cristiano"]
[Result "1-0"]
[WhiteElo "1959"]
[BlackElo "1504"]
[PlyCount "103"]
[EventDate "2001.05.05"]

1.c4 g5 2.d4 Bg7 3.Nc3 e6 4.e4 h6 5.Be3 Ne7 6.Bd3 d5 7.cxd5 exd5 8.e5 Nbc6
9.Nge2 Be6 10.O-O Qd7 11.f4 g4 12.Ng3 f5 13.a3 h5 14.b4 h4 15.Nge2 Ng6 16.
Na4 Kf7 17.Nc5 Qc8 18.Qc2 Nce7 19.b5 Rh5 20.Rac1 Nf8 21.Bd2 c6 22.Bb4 cxb5
23.Bxb5 b6 24.Nxe6 Nxe6 25.Bxe7 Qxc2 26.Rxc2 Kxe7 27.Rfc1 Rhh8 28.Kf2 Bh6 
29.Ke3 Bf8 30.Nc3 Nc7 31.Bd3 Ke6 32.Nb1 Ne8 33.Rc6+ Kf7 34.Bxf5 g3 35.h3 
Rd8 36.Bg4 Be7 37.a4 Rf8 38.Nc3 Ng7 39.Nb5 a6 40.Na7 Rb8 41.Rc7 Rfe8 42.
Nc6 Ra8 43.Kd3 Kf8 44.Rc2 b5 45.f5 Bd8 46.Nxd8 Raxd8 47.axb5 axb5 48.Rb7 
Rb8 49.Rxb8 Rxb8 50.f6 Ne8 51.Be6 Rd8 52.Rc5 1-0

[Event "C.to Regionale Veneto"]
[Site "Arqua' Petrarca ITA"]
[Date "2001.05.13"]
[Round "6"]
[White "Sanavio, Giancarlo"]
[Black "Ventura, Sergio"]
[Result "1-0"]
[WhiteElo "1570"]
[BlackElo "2192"]
[PlyCount "77"]
[EventDate "2001.05.05"]

1.Nf3 g6 2.e4 Bg7 3.d4 d6 4.Be2 Nf6 5.Nc3 O-O 6.O-O c6 7.a4 Qc7 8.Bf4 Nh5 
9.Be3 e5 10.d5 Nf6 11.Qd2 c5 12.Rfe1 Bd7 13.Rab1 Na6 14.Bxa6 bxa6 15.Qe2 
Bc8 16.Nd2 Rb8 17.h3 Rb4 18.b3 Nh5 19.Na2 Rb8 20.b4 Nf4 21.Qc4 f5 22.bxc5 
Rxb1 23.Rxb1 Nxh3+ 24.gxh3 f4 25.cxd6 Qd8 26.Bxa7 Qg5+ 27.Kh2 Bxh3 28.Kxh3
f3 29.Qf1 Rf4 30.Rb8+ Bf8 31.Nxf3 Rxf3+ 32.Kh2 Rf4 33.Rb3 Bxd6 34.Qg2 Rh4+
35.Kg1 Qd2 36.Rh3 Qe1+ 37.Kh2 Rxe4 38.Nc3 Rc4 39.Re3 1-0

[Event "C.to Regionale Veneto"]
[Site "Arqua' Petrarca ITA"]
[Date "2001.05.13"]
[Round "6"]
[White "Solinas, Carlo"]
[Black "Opacic, Alexandar"]
[Result "1-0"]
[WhiteElo "2045"]
[BlackElo "1921"]
[PlyCount "119"]
[EventDate "2001.05.05"]

1.e4 d6 2.d4 Nf6 3.Nc3 c6 4.f4 b5 5.e5 dxe5 6.fxe5 Nd5 7.Nxd5 Qxd5 8.Nf3 
Bf5 9.Be2 e6 10.O-O a6 11.c3 Ra7 12.Ng5 Qd8 13.Bf3 Rd7 14.Qe2 h6 15.Ne4 
Bxe4 16.Bxe4 Qc7 17.Bf4 g5 18.Bg3 h5 19.Bf2 Be7 20.Be3 Bd8 21.b4 Qc8 22.
Rf2 g4 23.Raf1 Rg8 24.Qd3 Bg5 25.Bxg5 Rxg5 26.Qe3 Qd8 27.Rf6 Rg8 28.Qh6 
Re7 29.Qxh5 Rf8 30.Qxg4 Qb6 31.Qf3 a5 32.a3 axb4 33.axb4 Kd8 34.Ra1 Kc7 
35.Qf2 Nd7 36.Rf3 Kb7 37.h4 f5 38.exf6 Ref7 39.Bg6 Rxf6 40.Rxf6 Rxf6 41.
Qg3 e5 42.Rd1 Rf4 43.Be8 Nf6 44.Qg7+ Kb8 45.Qe7 Qc7 46.Qxe5 Qxe5 47.dxe5 
Nxe8 48.Rd8+ Kc7 49.Rxe8 Rxh4 50.Rg8 Rc4 51.Rg3 Kd7 52.Re3 Ke6 53.Kf2 c5 
54.bxc5 Rxc5 55.Kf3 Rc8 56.Ke4 Rg8 57.Kf3 Rf8+ 58.Ke4 Rg8 59.Kf3 Rf8+ 60.
Ke2 1-0

[Event "C.to Regionale Veneto"]
[Site "Arqua' Petrarca ITA"]
[Date "2001.05.13"]
[Round "6"]
[White "Spinoso, Giovanni"]
[Black "Ballarin, Gabriele"]
[Result "0-1"]
[WhiteElo "1452"]
[BlackElo "1570"]
[PlyCount "70"]
[EventDate "2001.05.05"]

1.e4 c5 2.Nf3 Nc6 3.d4 cxd4 4.Nxd4 e5 5.Nb3 Bb4+ 6.c3 Be7 7.Be3 Nf6 8.N1d2
d5 9.exd5 Nxd5 10.Bc5 Be6 11.Bxe7 Qxe7 12.Ne4 Rd8 13.Qc2 O-O 14.g3 f5 15.
Nec5 Bc8 16.Bg2 b6 17.O-O-O e4 18.Nxe4 fxe4 19.Bxe4 Qg5+ 20.Qd2 Qxd2+ 21.
Rxd2 Nde7 22.f4 Rxd2 23.Kxd2 Rd8+ 24.Ke3 Be6 25.Nd4 Nxd4 26.cxd4 Nf5+ 27.
Bxf5 Bxf5 28.Rc1 Kf7 29.Rc7+ Rd7 30.Rxd7+ Bxd7 31.a3 Ke7 32.h4 Kd6 33.b4 
Kd5 34.Kd3 Bf5+ 35.Kc3 b5 0-1

[Event "C.to Regionale Veneto"]
[Site "Arqua' Petrarca ITA"]
[Date "2001.05.13"]
[Round "6"]
[White "Vianello, Enrico"]
[Black "Sgaravatti, Francesco"]
[Result "1-0"]
[WhiteElo "1858"]
[BlackElo "2066"]
[PlyCount "101"]
[EventDate "2001.05.05"]

1.d4 Nf6 2.Bg5 e6 3.Nd2 h6 4.Bh4 c5 5.e3 Nc6 6.Ngf3 cxd4 7.exd4 Be7 8.c3 
d6 9.Bd3 Bd7 10.Qe2 d5 11.Ne5 Nxe5 12.dxe5 Nh7 13.Bg3 O-O 14.O-O b5 15.Nb3
Qb6 16.Bf4 Rfc8 17.Be3 Qc7 18.f4 Rab8 19.Rac1 a6 20.Rf3 Kh8 21.Rg3 f5 22.
Nd4 Nf8 23.Rh3 Bc5 24.g4 fxg4 25.Qxg4 Be8 26.Kh1 Qf7 27.f5 Bxd4 28.Bxd4 
exf5 29.Bxf5 Bd7 30.Rxh6+ Kg8 31.e6 Nxe6 32.Bxe6 Bxe6 33.Rxe6 Re8 34.Rce1 
Rxe6 35.Qxe6 b4 36.Qxf7+ Kxf7 37.Re5 bxc3 38.Bxc3 Rd8 39.Bd4 g6 40.Kg2 Rd7
41.Kg3 Rd8 42.Kg4 Rd7 43.Kg5 Rd8 44.Re3 Rd6 45.Rf3+ Kg8 46.Rf6 Rxf6 47.
Kxf6 Kh7 48.b4 Kh6 49.a4 Kh5 50.b5 axb5 51.axb5 1-0

[Event "C.to Regionale Emilia-Romagna"]
[Site "Bologna ITA"]
[Date "2001.05.??"]
[Round "5"]
[White "Gaido, Paolo"]
[Black "Camerini, Ivan"]
[Result "1-0"]
[WhiteElo "2127"]
[BlackElo "2220"]
[PlyCount "65"]
[EventDate "2001.05.06"]

1. Nf3 c5 2. c4 g6 3. g3 Bg7 4. Bg2 e5 5. O-O Ne7 6. Nc3 O-O 7. e4 d6 8. d3 Bd7
9. Be3 Qe8 10. Qd2 Nbc6 11. Nd5 Nxd5 12. cxd5 Ne7 13. Bg5 f6 14. Bh6 g5 15.
Bxg7 Kxg7 16. b4 b6 17. a4 a5 18. b5 Ng6 19. Qe3 Kf7 20. Nd2 Ke7 21. Nc4 Qb8
22. Bf3 Rg8 23. Kh1 Kd8 24. Bh5 Kc7 25. Bxg6 hxg6 26. f4 Rh8 27. fxe5 fxe5 28.
Qxg5 Qd8 29. Qxg6 Qe7 30. Rf7 Rh6 31. Qxh6 Qxf7 32. Qxd6+ Kd8 33. Nxe5 1-0